|
|
|
|
| LEADER |
02097cgm a2200457 a 4500 |
| 001 |
00025824 |
| 003 |
BD-DhAAL |
| 005 |
20230820164736.0 |
| 007 |
vd cvaizk |
| 008 |
120829p2006 ko 132 vlmul d |
| 024 |
1 |
|
|a 8809090264772
|
| 040 |
|
|
|a BD-DhAAL
|c BD-DhAAL
|
| 082 |
0 |
0 |
|a 791.43
|2 22
|
| 245 |
0 |
0 |
|a Welcome to Dongmakgol = 웰컴 투 동막골
|h [DVD]/
|c Kwang-hyun Park [Director] Jin Jang [Author of screenplay] Joong Kim [Author of screenplay] Eun-ha Lee [Producer] Sang-yong Ji [Producer] Jae-young Jung [Actor] Ha-gyun Shin [Actor] Hye-jung Gang [Actor] Film It Suda [Firm] J-Bics [Firm] Syobaksŭ [Firm]
|
| 246 |
2 |
|
|a Welk'ŏm t'u Tongmakkol
|
| 260 |
|
|
|a Seoul :
|b Korean Film Council,
|c 2006.
|
| 300 |
|
|
|a 1 videodisc (DVD) (132 min.) :
|b sd., col. ;
|c 4 3/4 in..
|
| 490 |
1 |
|
|a Varied colors of Korean cinema, 2006.
|
| 500 |
|
|
|a Originally produced as motion picture in 2005.
|
| 500 |
|
|
|a Special features include music video, photo gallery, trailer, original soundtrack, making of, and highlights.DVD; Dolby digital surround 5.1; region 3.
|
| 538 |
|
|
|a DVD, NTSC, all regions, anamorphic widescreen (2.35:1); Dolby digital 5.1.
|
| 541 |
1 |
|
|e 00025824
|
| 546 |
|
|
|a In Korean with optional subtitles in Korean, English, French, Japanese, Chinese, and Spanish.
|
| 650 |
|
0 |
|a Motion pictur
|x DVD special features
|9 4894
|
| 650 |
|
0 |
|a Feature films
|z Korea (South)
|9 4850
|
| 650 |
|
0 |
|a Korean War
|y 1950-1953
|x Drama
|9 4895
|
| 700 |
1 |
|
|a Park, Kwang-hyun
|9 4896
|
| 700 |
1 |
|
|a Jin, Jang.
|9 4897
|
| 700 |
1 |
|
|a Kim, Joong
|9 4898
|
| 700 |
1 |
|
|a Lee, Eun-ha
|9 4899
|
| 700 |
1 |
|
|a Ji, Sang-yong
|9 4900
|
| 700 |
1 |
|
|a Jung, Jae-young
|9 4901
|
| 700 |
1 |
|
|a Ha-gyun, Shin
|9 4902
|
| 700 |
1 |
|
|a Gang, Hye-jung
|9 4903
|
| 710 |
2 |
|
|a Film It Suda
|9 4904
|
| 710 |
2 |
|
|a J-Bics
|9 4905
|
| 710 |
2 |
|
|a Syobaksŭ
|9 4906
|
| 852 |
4 |
|
|a Ayesha Abed Library
|j General shelf.
|
| 942 |
|
|
|2 ddc
|c AV
|
| 999 |
|
|
|c 12783
|d 12783
|
| 952 |
|
|
|0 0
|1 0
|2 ddc
|4 0
|6 KOL_791_430000000000000_WEL
|7 0
|9 21051
|a BRACUL
|b BRACUL
|d 2012-08-28
|e BIL
|g 680.48
|l 0
|o KOL 791.43 WEL
|p 4010025824
|r 2012-09-04
|t 1
|w 2012-08-28
|y AV
|